[Event "Uppsala op"]
[Site "Uppsala"]
[Date "2023.08.12"]
[Round "6"]
[White "Keskitalo, Rasmus"]
[Black "Ljungros, Lo"]
[Result "1/2-1/2"]
[WhiteElo "1708"]
[BlackElo "1766"]
[PlyCount "65"]
[EventDate "2023.08.07"]
[EventType "swiss"]
[EventRounds "7"]
[EventCountry "SWE"]
[SourceTitle "CBM 215 Extra"]
[Source "ChessBase"]
[SourceDate "2023.09.30"]
[SourceVersion "1"]
[SourceVersionDate "2023.09.30"]
[SourceQuality "1"]

1. e4 g6 2. d4 d6 3. f4 Bg7 4. Nf3 e6 5. Nc3 Ne7 6. Bd3 Nd7 7. 0-0 0-0 8. Be3 a6 9. Qd2 f5 10. e5 b5 11. a3 Nb6 12. a4 b4 13. Na2 a5 14. c3 bxc3 15. Nxc3 Ba6 16. Bxa6 Rxa6 17. Nb5 Ned5 18. Rfc1 h6 19. g3 Rf7 20. Bf2 Bf8 21. Qe2 Ra8 22. exd6 cxd6 23. Qxe6 Qf6 24. Qxf6 Rxf6 25. Rc6 Rb8 26. Be1 Nxa4 27. Rxa4 Rxb5 28. Rxa5 Rxa5 29. Bxa5 Rf7 30. Bc3 Rb7 31. Rc8 Kf7 32. h4 Nb6 33. Rc6 1/2-1/2